000 01983nam a22003977i 4500
003 DO-SdBNP
005 20260304085435.0
007 ta
008 220429b2010 |||j|||| |||| 001 0dspa d
020 _a9789945447361
040 _aDO-SdBNP
_bspa
_cBNPHU
_erda
041 _hspa
082 4 _a342.7293
_bP349r
_222
100 1 _aPeña Gomez, Jose Francisco ,
_d1937-1998
_92994
245 1 0 _aFracaso de la democracia representativa a la luz del derecho constitucional /
_cJosé Francisco Peña Gómez ; editor, Franklin García Fermín
246 1 4 _aLa reelección :
_bfracaso de la democracia representativa a la luz del derecho constitucional ; estudio sobre las reformas constitucionales en la República Dominicana y sus consecuencias.
264 _aSanto Domingo :
_bUniversitaria-UASD,
_c2010.
300 _a206 páginas :
_bilustraciones ;
_c53 cm
336 _2rdacontent
_atexto
_btxt
337 _2rdamedia
_asin mediación
_bn
338 _2rdacarrier
_avolumen
_bnc
490 1 _aPublicaciones de la Universidad de Santo Domingo ;
_v 147723
490 1 _aDerecho y política;
_v23
500 _aIncluye datos biográficos del autor en las solapas .
500 _aPresentado originalmente como tesis para obtener el título de Doctor en Derecho, Universidad Autónoma de Santo Domingo, 1 de octubre de 1970.
504 _aBibliografía páginas 185-187.
590 _aInventariado, 2023/MFF
651 0 _aRepública Dominicana
_xPolítica y gobierno
_945
651 4 _aRepública Dominicana
_xHistoria constitucional
_96486
651 4 _aRepública Dominicana
_xDerecho constitucional
_99303
700 _aGarcía Fermín, Franklin,
_eprólogo
710 _aUniversidad Autónoma de Santo Domingo
830 0 _aUniversidad Autónoma de Santo Domingo ;
_n1477
_pDerecho y política;
_n23
_983520
910 _aSaquino/Validado. Control de calidad MFF
942 _2ddc
_cLBS1
999 _c51624
_d51624